[Event "DEM U16 2006"]
[Site "Willingen GER"]
[Date "2006.06.06"]
[Round "5"]
[White "Kalisch, Michael"]
[Black "Falke, Isaak"]
[Result "0-1"]
[Termination "time forfeit"]
[Board "14"]
[WhiteElo "1824"]
[BlackElo "1944"]
[PlyCount "76"]
[BlackFideId "24614483"]
[EventCountry "GER"]
[EventRounds "9"]
[EventType "swiss"]
[EventDate "2006.06.03"]

1. e4 e5 2. Bc4 Nc6 3. Nf3 Bc5 4. d3 d6 5. c3 Nf6 6. h3 h6 7. Nbd2 O-O 8. Bb3
d5 9. Qe2 dxe4 10. dxe4 Qe7 11. Nf1 Nh5 12. g4 Nf4 13. Bxf4 exf4 14. N1d2 Be6
15. Bxe6 fxe6 16. O-O-O e5 17. Rdg1 g6 18. g5 h5 19. Nh4 Kg7 20. Ndf3 Qe6 21.
Nxg6 Qxg6 22. Nh4 Qh7 23. g6 Qh6 24. Qf3 Ne7 25. Rg2 Rf6 26. Rhg1 Bd6 27. Rg5
Rh8 28. Kc2 Rff8 29. Qe2 f3 30. Qb5 Rf4 31. Nf5+ Nxf5 32. Rxf5 Rd8 33. Qd5 Rd7
34. Qe6 Re7 35. Rf7+ Rexf7 36. gxf7+ Kh7 37. f8=Q Rxf8 38. Qd7+ Kh8 0-1

[Event "DEM U16 2006"]
[Site "Willingen GER"]
[Date "2006.06.07"]
[Round "6"]
[White "Schneider, David"]
[Black "Beck, Frederik"]
[Result "1/2-1/2"]
[Termination "normal"]
[Board "1"]
[WhiteElo "2188"]
[BlackElo "2225"]
[PlyCount "108"]
[WhiteFideId "4697111"]
[BlackFideId "4687388"]
[EventCountry "GER"]
[EventRounds "9"]
[EventType "swiss"]
[EventDate "2006.06.03"]

1. e4 c5 2. Nf3 e6 3. b3 a6 4. Bb2 Nc6 5. d4 cxd4 6. Nxd4 Qf6 7. c3 Qg6 8. Nd2
Nf6 9. f3 d5 10. Nxc6 bxc6 11. Qc2 Bc5 12. c4 dxe4 13. Nxe4 Bb4+ 14. Ke2 Nxe4
15. Qxe4 Qxe4+ 16. fxe4 e5 17. h3 O-O 18. Rd1 a5 19. Bxe5 Re8 20. Bb2 Bf5 21.
e5 Red8 22. Rd4 Rxd4 23. Bxd4 Rd8 24. Be3 Bb1 25. a3 Bxa3 26. Kf2 Bc2 27. Be2
Bxb3 28. Bb6 Rd2 29. Bxa5 Rc2 30. Rb1 Bxc4 31. Rb8+ Bf8 32. Bb4 Rxe2+ 33. Kg1
h6 34. Rxf8+ Kh7 35. Bd6 Bd5 36. g3 Rg2+ 37. Kf1 Rxg3 38. e6 Rf3+ 39. Ke2 Rf6
40. e7 Rxd6 41. e8=Q Re6+ 42. Kf2 Rxe8 43. Rxe8 Be6 44. Kg3 c5 45. Re7 Kg6 46.
Rc7 c4 47. Rc5 Kf6 48. h4 Ke7 49. Kf4 Kd6 50. Ra5 g6 51. Ke4 Ke7 52. Ke5 f6+
53. Kd4 g5 54. Ra7+ Kf8 1/2-1/2

[Event "DEM U16 2006"]
[Site "Willingen GER"]
[Date "2006.06.07"]
[Round "6"]
[White "Lubbe, Nikolas"]
[Black "Ohme, Melanie"]
[Result "1-0"]
[Termination "normal"]
[Board "2"]
[WhiteElo "2263"]
[BlackElo "2081"]
[PlyCount "47"]
[WhiteFideId "4694031"]
[BlackFideId "4690745"]
[EventCountry "GER"]
[EventRounds "9"]
[EventType "swiss"]
[EventDate "2006.06.03"]

1. e4 c5 2. Nf3 e6 3. d4 cxd4 4. Nxd4 a6 5. Bd3 Bc5 6. Nb3 Ba7 7. O-O Nc6 8.
Qg4 Nf6 9. Qxg7 Rg8 10. Qh6 Ne5 11. Be2 Rg6 12. Qh4 b5 13. Bg5 Bb7 14. N1d2 h6
15. Bxf6 Rxf6 16. a4 Ng6 17. Qxh6 Nf4 18. Qh8+ Ke7 19. Qxd8+ Rxd8 20. Bf3 Rg6
21. g3 Nh3+ 22. Kg2 Nf4+ 23. Kh1 bxa4 24. Na5 1-0

[Event "DEM U16 2006"]
[Site "Willingen GER"]
[Date "2006.06.07"]
[Round "6"]
[White "Klein, Felix"]
[Black "Müller, Reinhold"]
[Result "1-0"]
[Termination "normal"]
[Board "4"]
[WhiteElo "2176"]
[BlackElo "2114"]
[PlyCount "81"]
[WhiteFideId "24600458"]
[BlackFideId "24605875"]
[EventCountry "GER"]
[EventRounds "9"]
[EventType "swiss"]
[EventDate "2006.06.03"]

1. e4 e6 2. d4 d5 3. Nc3 Bb4 4. e5 c5 5. a3 Bxc3+ 6. bxc3 Qc7 7. Qg4 f5 8. Qg3
cxd4 9. cxd4 Ne7 10. Bd2 O-O 11. Bd3 b6 12. Ne2 Ba6 13. Nf4 Qd7 14. h4 Bxd3 15.
cxd3 Nbc6 16. Be3 b5 17. h5 Kh8 18. Ng6+ Kg8 19. Nxf8 Rxf8 20. h6 g6 21. f4 b4
22. axb4 Nxb4 23. O-O Nec6 24. Rfb1 a5 25. Kh2 Nxd3 26. Bd2 Ndb4 27. Bxb4 axb4
28. Qf2 Rb8 29. Ra6 Qc8 30. Qa2 Nxd4 31. Ra7 Nc6 32. Rg7+ Kh8 33. Qa4 Rb6 34.
Rc1 Ra6 35. Qxb4 Qd8 36. Qb7 Ra7 37. Rxh7+ Kg8 38. Rg7+ Kh8 39. Rh7+ Kg8 40.
Rg7+ Kh8 41. Qxc6 1-0

[Event "DEM U16 2006"]
[Site "Willingen GER"]
[Date "2006.06.07"]
[Round "6"]
[White "Werthebach, Felix"]
[Black "Englert, Fabian"]
[Result "1/2-1/2"]
[Termination "normal"]
[Board "5"]
[WhiteElo "2081"]
[BlackElo "2068"]
[PlyCount "50"]
[WhiteFideId "24609684"]
[BlackFideId "24614467"]
[EventCountry "GER"]
[EventRounds "9"]
[EventType "swiss"]
[EventDate "2006.06.03"]

1. c4 b6 2. Nc3 Bb7 3. e4 e5 4. g3 Bc5 5. Bg2 Nc6 6. Nge2 Nge7 7. O-O O-O 8. d3
Nd4 9. Nxd4 Bxd4 10. Rb1 a5 11. a3 Bxc3 12. bxc3 d6 13. Be3 Qc8 14. Qh5 Bc6 15.
f4 exf4 16. gxf4 f5 17. Qg5 Ng6 18. Bd4 Qd8 19. exf5 Qxg5 20. fxg5 Bxg2 21.
Kxg2 Rxf5 22. Rxf5 Nh4+ 23. Kh3 Nxf5 24. Re1 Kf7 25. Kg4 g6 1/2-1/2

[Event "DEM U16 2006"]
[Site "Willingen GER"]
[Date "2006.06.07"]
[Round "6"]
[White "Kaczmarczyk, Dennis"]
[Black "Glantz, Robert"]
[Result "1-0"]
[Termination "normal"]
[Board "6"]
[WhiteElo "2075"]
[BlackElo "1926"]
[PlyCount "69"]
[WhiteFideId "24608297"]
[BlackFideId "24629596"]
[EventCountry "GER"]
[EventRounds "9"]
[EventType "swiss"]
[EventDate "2006.06.03"]

1. d4 Nf6 2. Bg5 e6 3. Nd2 c5 4. Ne4 d5 5. Bxf6 gxf6 6. Nxc5 Bxc5 7. dxc5 Qa5+
8. Qd2 Qxd2+ 9. Kxd2 Na6 10. e4 dxe4 11. Bxa6 bxa6 12. b4 Bb7 13. Ke3 Rd8 14.
Ne2 f5 15. Rhd1 Ke7 16. g3 Rhg8 17. c4 e5 18. Nc3 Ke6 19. a4 Rd4 20. Na2 Rgd8
21. Ke2 f4 22. b5 f3+ 23. Ke1 e3 24. Rxd4 exd4 25. c6 Bc8 26. Rd1 e2 27. Rd3
Ke5 28. Nb4 Ke4 29. a5 Be6 30. c7 Re8 31. b6 Bc8 32. c5 Re5 33. bxa7 Rxc5 34.
a8=Q+ Ke5 35. Qxf3 1-0

[Event "DEM U16 2006"]
[Site "Willingen GER"]
[Date "2006.06.07"]
[Round "6"]
[White "Dinger, Florian"]
[Black "Rudolf, Sebastian"]
[Result "1-0"]
[Termination "normal"]
[Board "7"]
[WhiteElo "2205"]
[BlackElo "1989"]
[PlyCount "77"]
[WhiteFideId "24605573"]
[BlackFideId "24609390"]
[EventCountry "GER"]
[EventRounds "9"]
[EventType "swiss"]
[EventDate "2006.06.03"]

1. e4 c5 2. Nf3 Nc6 3. Bb5 e6 4. Bxc6 bxc6 5. d3 Ne7 6. h4 h5 7. e5 Nf5 8. Nbd2
Be7 9. Nc4 d6 10. exd6 Nxd6 11. Bf4 f6 12. Bxd6 Bxd6 13. Nxd6+ Qxd6 14. Qd2 e5
15. Qc3 Be6 16. Nd2 Qd4 17. Ne4 Bd5 18. Qxc5 Qxb2 19. O-O Qd4 20. Rab1 Bxe4 21.
Qxd4 exd4 22. dxe4 O-O-O 23. Rb4 Kc7 24. Ra4 Kb6 25. Rb1+ Kc5 26. Rb3 Rd7 27.
Kf1 Re8 28. f3 g6 29. Ke2 f5 30. Kd3 fxe4+ 31. fxe4 Rf8 32. Rc4+ Kd6 33. Rxd4+
Ke6 34. Rxd7 Kxd7 35. Rb7+ Kd6 36. Rg7 Rf6 37. Ke3 Ke5 38. Re7+ Kd6 39. Rxa7
1-0

[Event "DEM U16 2006"]
[Site "Willingen GER"]
[Date "2006.06.07"]
[Round "6"]
[White "Savchenko, Aleksij"]
[Black "Carlstedt, Jonathan"]
[Result "1-0"]
[Termination "normal"]
[Board "8"]
[WhiteElo "2074"]
[BlackElo "2094"]
[PlyCount "107"]
[WhiteFideId "24611727"]
[BlackFideId "24614386"]
[EventCountry "GER"]
[EventRounds "9"]
[EventType "swiss"]
[EventDate "2006.06.03"]

1. d4 Nf6 2. c4 c5 3. d5 e6 4. Nc3 exd5 5. cxd5 d6 6. Nf3 g6 7. h3 Bg7 8. Bf4
O-O 9. e3 a6 10. a4 Qc7 11. Be2 Nbd7 12. O-O Rb8 13. Nd2 Re8 14. Nc4 Bf8 15. a5
b5 16. axb6 Nxb6 17. Na5 Ra8 18. Bf3 Bd7 19. Nc6 Nc4 20. Qe2 Ne5 21. Bxe5 dxe5
22. Rxa6 e4 23. Rxa8 exf3 24. Qxf3 Rxa8 25. Qxf6 Bxc6 26. dxc6 Ra6 27. Rd1 Rxc6
28. Qh4 Rd6 29. Nd5 Qb8 30. Nf6+ Kg7 31. Rxd6 Bxd6 32. g4 h6 33. g5 h5 34. Qe4
Qd8 35. Qe8 Be7 36. Qxd8 Bxd8 37. Ne4 Be7 38. Kf1 Kf8 39. Ke2 Ke8 40. Nf6+ Bxf6
41. gxf6 Kd7 42. Kd3 g5 43. f3 Ke6 44. Kc4 Kxf6 45. Kxc5 Ke6 46. e4 f5 47.
exf5+ Kxf5 48. b4 Kf4 49. b5 Kxf3 50. b6 g4 51. hxg4 Kxg4 52. b7 Kh3 53. b8=Q
h4 54. Qf4 1-0

[Event "DEM U16 2006"]
[Site "Willingen GER"]
[Date "2006.06.07"]
[Round "6"]
[White "Schlötzer, Waldemar"]
[Black "Müller, Jan-Hendrik"]
[Result "1-0"]
[Termination "normal"]
[Board "9"]
[WhiteElo "2094"]
[BlackElo "1978"]
[PlyCount "141"]
[WhiteFideId "24602140"]
[BlackFideId "24615048"]
[EventCountry "GER"]
[EventRounds "9"]
[EventType "swiss"]
[EventDate "2006.06.03"]

1. d4 Nf6 2. c4 c5 3. dxc5 Qa5+ 4. Bd2 Qxc5 5. Nc3 d6 6. Rc1 Bf5 7. f3 g6 8. e4
Bd7 9. Nd5 Nxd5 10. cxd5 Qb6 11. Bc3 f6 12. Qd2 a5 13. a3 Bg7 14. Bd4 Qd8 15.
Qe3 O-O 16. Bb6 Bh6 17. Qd4 Qe8 18. Rc7 Na6 19. Bxa6 bxa6 20. Ne2 a4 21. O-O
Bb5 22. Rf2 Rc8 23. Qc3 Rxc7 24. Qxc7 Qb8 25. Qxb8 Rxb8 26. Bd4 Rc8 27. Nc3 Rc4
28. Bb6 Bc1 29. Na2 f5 30. exf5 gxf5 31. g3 Bg5 32. Kg2 Bf6 33. Re2 Kf7 34. Bf2
Rb4 35. Rxe7+ Kxe7 36. Nxb4 Bxb2 37. Nc2 Bc4 38. Bd4 Bxd4 39. Nxd4 Kf6 40. f4
Bxd5+ 41. Kf2 Be6 42. Ke3 d5 43. Ne2 Ke7 44. Kd4 Kd6 45. Nc3 Bf7 46. Na2 Be6
47. Nb4 a5 48. Nd3 Bd7 49. Ne5 Be8 50. Nf3 Bd7 51. Ng5 h5 52. Nf3 Be8 53. Ne1
Bc6 54. Ng2 Bd7 55. Ne3 Be6 56. h3 Bd7 57. Nxd5 Be6 58. Ne3 Bd7 59. Nc4+ Ke6
60. Nxa5 h4 61. gxh4 Kf6 62. Nc4 Bc6 63. h5 Bg2 64. h4 Bf3 65. h6 Be2 66. Ne5
Bd1 67. Kc5 Be2 68. Kc6 Bh5 69. Kd7 Bg4 70. Ke8 Bh5+ 71. Kf8 1-0

[Event "DEM U16 2006"]
[Site "Willingen GER"]
[Date "2006.06.07"]
[Round "6"]
[White "Heider, Martin"]
[Black "Fink, Leander"]
[Result "1-0"]
[Termination "normal"]
[Board "10"]
[WhiteElo "1944"]
[BlackElo "1997"]
[PlyCount "67"]
[BlackFideId "24605247"]
[EventCountry "GER"]
[EventRounds "9"]
[EventType "swiss"]
[EventDate "2006.06.03"]

1. e4 c5 2. Nf3 Nc6 3. d4 cxd4 4. Nxd4 e5 5. Nb5 d6 6. N1c3 a6 7. Na3 b5 8. Nd5
Nf6 9. Bg5 Be7 10. Bxf6 Bxf6 11. c3 Bg5 12. Nc2 O-O 13. a4 bxa4 14. Rxa4 a5 15.
Bc4 Rb8 16. Ra2 Kh8 17. Nce3 Be6 18. h4 Bxe3 19. Nxe3 Ne7 20. h5 Qc7 21. Bd5
Rb5 22. h6 g6 23. Qf3 Nxd5 24. exd5 Bf5 25. g4 e4 26. Qf4 Qb8 27. gxf5 Rxb2 28.
Rxb2 Qxb2 29. Nd1 Qb8 30. fxg6 fxg6 31. Qd2 Qb7 32. Rh4 e3 33. Nxe3 Qb1+ 34.
Qd1 1-0

[Event "DEM U16 2006"]
[Site "Willingen GER"]
[Date "2006.06.07"]
[Round "6"]
[White "Holgert, Michael"]
[Black "Seemann, Semjon"]
[Result "1/2-1/2"]
[Termination "normal"]
[Board "11"]
[WhiteElo "1863"]
[BlackElo "1950"]
[PlyCount "114"]
[WhiteFideId "24668990"]
[BlackFideId "24624080"]
[EventCountry "GER"]
[EventRounds "9"]
[EventType "swiss"]
[EventDate "2006.06.03"]

1. d4 Nf6 2. Nf3 e6 3. e3 b6 4. Nbd2 Bb7 5. b3 Be7 6. Bb2 O-O 7. c4 c5 8. Bd3
Nc6 9. Rc1 d6 10. Bb1 Qc7 11. O-O a5 12. a3 Rfd8 13. Qc2 cxd4 14. Nxd4 Nxd4 15.
Bxd4 g6 16. Qb2 e5 17. Bc3 Nd7 18. Be4 Nc5 19. Bxb7 Qxb7 20. Qc2 f5 21. Rcd1
Bf6 22. Nf3 Ne4 23. Rd5 Rac8 24. Rfd1 Bg7 25. Bxe5 Qf7 26. Bxg7 Qxg7 27. R5d4
d5 28. h3 b5 29. Nd2 dxc4 30. Nxe4 Rxd4 31. Rxd4 fxe4 32. bxc4 bxc4 33. Qxe4
Qf7 34. Qc2 c3 35. a4 Qf5 36. Qxf5 gxf5 37. Rd1 Kf7 38. Kf1 Ke6 39. Ke2 c2 40.
Rc1 Rc4 41. Kd3 Rxa4 42. Rxc2 Kd5 43. Kc3 Ra3+ 44. Kb2 Rd3 45. Ka2 h6 46. Kb2
h5 47. Ka2 h4 48. Kb2 a4 49. Ka2 a3 50. Ka1 Rd1+ 51. Ka2 Rg1 52. f3 Re1 53. e4+
fxe4 54. fxe4+ Rxe4 55. Kxa3 Ke5 56. Rc3 Kd4 57. Kb4 Kd5+ 1/2-1/2

[Event "DEM U16 2006"]
[Site "Willingen GER"]
[Date "2006.06.07"]
[Round "6"]
[White "Falke, Isaak"]
[Black "Isakson, Alex"]
[Result "1/2-1/2"]
[Termination "normal"]
[Board "12"]
[WhiteElo "1944"]
[BlackElo "1905"]
[PlyCount "91"]
[WhiteFideId "24614483"]
[BlackFideId "24637351"]
[EventCountry "GER"]
[EventRounds "9"]
[EventType "swiss"]
[EventDate "2006.06.03"]

1. d4 d5 2. c4 e6 3. Nc3 c5 4. dxc5 d4 5. Ne4 Bxc5 6. Nxc5 Qa5+ 7. Bd2 Qxc5 8.
b4 Qd6 9. Nf3 Nc6 10. Qb3 e5 11. b5 Nce7 12. e3 Nf5 13. Bb4 Qf6 14. e4 Nfe7 15.
g3 Ng6 16. Bg2 Qd8 17. O-O N8e7 18. Ne1 O-O 19. Nd3 Qc7 20. a4 Be6 21. Rac1
Rfe8 22. Qc2 a6 23. f4 exf4 24. gxf4 f5 25. e5 axb5 26. axb5 Nf8 27. Bd6 Qb6
28. Bc5 Qc7 29. Bxd4 Nd7 30. c5 Ra2 31. Qb1 Rea8 32. c6 bxc6 33. bxc6 Nf8 34.
Bb6 Qc8 35. c7 Bd5 36. Bxd5+ Nxd5 37. Qb3 Qe6 38. Bf2 Nxc7 39. Qxe6+ Ncxe6 40.
Rc3 Rd2 41. Be3 Re2 42. Nc1 Rb2 43. Rf2 Rab8 44. Rcc2 R2b4 45. Kg2 Re4 46. Rc3
1/2-1/2

[Event "DEM U16 2006"]
[Site "Willingen GER"]
[Date "2006.06.07"]
[Round "6"]
[White "Becker, Carsten"]
[Black "Mangold, Thomas"]
[Result "1/2-1/2"]
[Termination "normal"]
[Board "13"]
[WhiteElo "1840"]
[BlackElo "1646"]
[PlyCount "46"]
[WhiteFideId "24646822"]
[BlackFideId "24671665"]
[EventCountry "GER"]
[EventRounds "9"]
[EventType "swiss"]
[EventDate "2006.06.03"]

1. d4 c5 2. c3 e6 3. Nf3 d5 4. Bf4 Nc6 5. Nbd2 Nf6 6. e3 a6 7. a4 Be7 8. Bd3 h6
9. O-O cxd4 10. exd4 Bd6 11. Bxd6 Qxd6 12. Re1 Nd7 13. b4 O-O 14. b5 Ne7 15.
Ne5 Nxe5 16. Rxe5 Bd7 17. Re3 axb5 18. axb5 Rxa1 19. Qxa1 Qb6 20. Re1 Nc8 21.
Rb1 Nd6 22. Rb4 Rc8 23. h3 Qc7 1/2-1/2

[Event "DEM U16 2006"]
[Site "Willingen GER"]
[Date "2006.06.07"]
[Round "6"]
[White "Schwenke, Vincent"]
[Black "Kalisch, Michael"]
[Result "1/2-1/2"]
[Termination "normal"]
[Board "14"]
[WhiteElo "1794"]
[BlackElo "1824"]
[PlyCount "83"]
[WhiteFideId "24620467"]
[EventCountry "GER"]
[EventRounds "9"]
[EventType "swiss"]
[EventDate "2006.06.03"]

1. e4 c6 2. d4 d5 3. Nc3 dxe4 4. Nxe4 Bf5 5. Ng3 Bg6 6. h4 h6 7. Nf3 Nd7 8. h5
Bh7 9. Bd3 Bxd3 10. Qxd3 e6 11. Bd2 Ngf6 12. O-O-O Qc7 13. Qe2 O-O-O 14. c4 Bd6
15. Ne4 Nxe4 16. Qxe4 Nf6 17. Qe2 Rhe8 18. Ne5 c5 19. Bc3 Kb8 20. f4 Ka8 21. g4
cxd4 22. Rxd4 Rc8 23. Rhd1 Red8 24. Qd3 Be7 25. Nxf7 Rxd4 26. Qxd4 Bc5 27. Qd8
Qxf4+ 28. Kb1 Qb8 29. Bxf6 gxf6 30. Qxf6 Bb6 31. Qxe6 Re8 32. Qxh6 Qc7 33. Nd6
Rd8 34. b4 Qe7 35. c5 Bc7 36. Qc1 Bxd6 37. Rxd6 Rxd6 38. cxd6 Qe4+ 39. Qc2
Qxb4+ 40. Qb2 Qe1+ 41. Qc1 Qb4+ 42. Ka1 1/2-1/2

[Event "DEM U16 2006"]
[Site "Willingen GER"]
[Date "2006.06.08"]
[Round "7"]
[White "Beck, Frederik"]
[Black "Lubbe, Nikolas"]
[Result "1/2-1/2"]
[Termination "normal"]
[Board "1"]
[WhiteElo "2225"]
[BlackElo "2263"]
[PlyCount "96"]
[WhiteFideId "4687388"]
[BlackFideId "4694031"]
[EventCountry "GER"]
[EventRounds "9"]
[EventType "swiss"]
[EventDate "2006.06.03"]

1. e4 e5 2. Nf3 Nc6 3. Nc3 Nf6 4. d4 exd4 5. Nxd4 Bb4 6. Nxc6 bxc6 7. Bd3 d5 8.
exd5 cxd5 9. O-O O-O 10. Bg5 c6 11. Na4 Bd6 12. c4 Rb8 13. Re1 Be6 14. cxd5
cxd5 15. b3 h6 16. Bh4 Rb4 17. Bg3 Bxg3 18. hxg3 Qd6 19. Rc1 d4 20. Nc5 Bd5 21.
Qd2 Rbb8 22. Bf1 Ba8 23. Red1 Rfd8 24. Rc4 Bd5 25. Rcc1 Be6 26. Nxe6 fxe6 27.
Re1 e5 28. Bd3 Re8 29. Be4 Rbc8 30. Qd3 Nxe4 31. Qxe4 d3 32. Rc4 Rxc4 33. Qxc4+
Kh8 34. f3 e4 35. fxe4 Qb6+ 36. Kh2 Re5 37. Qf7 Qc5 38. g4 Qd6 39. Qf4 g5 40.
Qg3 Qd4 41. Rd1 Qxe4 42. Rxd3 h5 43. Rd8+ Kg7 44. Rd7+ Kh8 45. Rxa7 hxg4 46.
Ra4 Qh7+ 47. Kg1 Qb1+ 48. Kh2 Qh7+ 1/2-1/2

[Event "DEM U16 2006"]
[Site "Willingen GER"]
[Date "2006.06.08"]
[Round "7"]
[White "Tereick, Benjamin"]
[Black "Schneider, David"]
[Result "1-0"]
[Termination "normal"]
[Board "2"]
[WhiteElo "2238"]
[BlackElo "2188"]
[PlyCount "127"]
[WhiteFideId "24607541"]
[BlackFideId "4697111"]
[EventCountry "GER"]
[EventRounds "9"]
[EventType "swiss"]
[EventDate "2006.06.03"]

1. c4 c5 2. Nf3 Nf6 3. g3 d5 4. cxd5 Nxd5 5. Bg2 Nc6 6. d4 e6 7. O-O Be7 8.
dxc5 Bxc5 9. Qc2 Be7 10. a3 Bd7 11. e4 Nb6 12. Bf4 O-O 13. Nc3 g5 14. Be3 Nc4
15. Nd1 Nxe3 16. Nxe3 Rc8 17. Qe2 Qb6 18. Rfd1 Rfd8 19. Ng4 Kg7 20. b4 h5 21.
Qb2+ f6 22. Ne3 g4 23. Nc4 Qb5 24. Nfd2 Ne5 25. Bf1 Bc6 26. Nd6 Nd3 27. Bxd3
Qxd3 28. Nb3 Rxd6 29. Rxd3 Rxd3 30. Nd4 Bd7 31. Ne2 Bd6 32. Nf4 Be5 33. Qe2 Bb5
34. Nxd3 Bxa1 35. Qd1 Rd8 36. Qxa1 Rxd3 37. e5 f5 38. Qc1 Kg6 39. h4 gxh3 40.
Qc8 Rd1+ 41. Kh2 Bc6 42. Qg8+ Kh6 43. Qxe6+ Kg7 44. Qf6+ Kg8 45. Qg6+ Kf8 46.
Qxf5+ Ke7 47. Qf6+ Ke8 48. f3 Rf1 49. Kxh3 Rxf3 50. Qg6+ Ke7 51. Kh4 Rf1 52.
Qd6+ Ke8 53. Kxh5 Rf3 54. Kg5 a6 55. g4 Be4 56. Qd4 Bc6 57. Kg6 Rxa3 58. g5 Rf3
59. Kh6 Rh3+ 60. Kg7 Rf3 61. g6 Rh3 62. Qd6 Rf3 63. e6 Re3 64. Qf8# 1-0

[Event "DEM U16 2006"]
[Site "Willingen GER"]
[Date "2006.06.08"]
[Round "7"]
[White "Klein, Felix"]
[Black "Kaczmarczyk, Dennis"]
[Result "0-1"]
[Termination "normal"]
[Board "3"]
[WhiteElo "2176"]
[BlackElo "2075"]
[PlyCount "102"]
[WhiteFideId "24600458"]
[BlackFideId "24608297"]
[EventCountry "GER"]
[EventRounds "9"]
[EventType "swiss"]
[EventDate "2006.06.03"]

1. e4 e6 2. d4 d5 3. Nc3 Bb4 4. e5 c5 5. a3 Ba5 6. b4 cxd4 7. Qg4 Ne7 8. bxa5
dxc3 9. Qxg7 Rg8 10. Qxh7 Nbc6 11. Nf3 Qxa5 12. Rb1 Qc7 13. Bf4 Bd7 14. Bg3
O-O-O 15. Qd3 Be8 16. Qxc3 d4 17. Qd2 Nf5 18. Bf4 Nce7 19. Bd3 Bc6 20. Kf1 Rxg2
21. Kxg2 Nh4+ 22. Kf1 Nxf3 23. Qe2 Nd5 24. Bd2 Nxd2+ 25. Qxd2 Nc3 26. Rxb7 Qxb7
27. Rg1 Bb5 28. Rg7 Qh1+ 29. Rg1 Qd5 30. Qf4 Bxd3+ 31. cxd3 Qb7 32. Rg7 Qb1+
33. Kg2 Qg1+ 34. Kxg1 Ne2+ 35. Kf1 Nxf4 36. Rxf7 Nxd3 37. Rxa7 Nxe5 38. Ra8+
Kc7 39. Rxd8 Kxd8 40. h4 Nf3 41. h5 Ke7 42. a4 Ne5 43. a5 Nc6 44. a6 Kf6 45. f4
Kg7 46. Ke2 Kh6 47. Kd3 Kxh5 48. a7 Nxa7 49. Kxd4 Nc6+ 50. Kc5 Kg4 51. Kd6 Kf5
0-1

[Event "DEM U16 2006"]
[Site "Willingen GER"]
[Date "2006.06.08"]
[Round "7"]
[White "Ohme, Melanie"]
[Black "Dinger, Florian"]
[Result "1/2-1/2"]
[Termination "normal"]
[Board "4"]
[WhiteElo "2081"]
[BlackElo "2205"]
[PlyCount "94"]
[WhiteFideId "4690745"]
[BlackFideId "24605573"]
[EventCountry "GER"]
[EventRounds "9"]
[EventType "swiss"]
[EventDate "2006.06.03"]

1. e4 c5 2. Nf3 e6 3. d4 cxd4 4. Nxd4 Nf6 5. Nc3 Nc6 6. Be3 Bb4 7. Nxc6 bxc6 8.
e5 Nd5 9. Bd2 Qc7 10. Nxd5 Bxd2+ 11. Qxd2 cxd5 12. f4 d6 13. exd6 Qxd6 14. Bd3
Ba6 15. Bxa6 Qxa6 16. Qe2 Qxe2+ 17. Kxe2 Ke7 18. Kd3 Rac8 19. Rhe1 g6 20. b3
Rhd8 21. c3 h5 22. Kd4 Rd6 23. Rad1 a5 24. Re3 Kf6 25. g3 Kf5 26. h3 Kf6 27.
Rf1 Rdd8 28. g4 hxg4 29. hxg4 Rh8 30. f5 gxf5 31. gxf5 Rh4+ 32. Kd3 Rxc3+ 33.
Kxc3 d4+ 34. Kd3 dxe3 35. fxe6+ Kxe6 36. Kxe3 f5 37. Rf4 Rh3+ 38. Rf3 Rh1 39.
Rf4 Rh3+ 40. Rf3 Rh8 41. Rf4 Rb8 42. Ra4 Rb5 43. Kf3 Kf6 44. Rc4 Kg5 45. Rc8
Rb4 46. Rg8+ Kf6 47. Ra8 Rb5 1/2-1/2

[Event "DEM U16 2006"]
[Site "Willingen GER"]
[Date "2006.06.08"]
[Round "7"]
[White "Englert, Fabian"]
[Black "Baldauf, Marco"]
[Result "1/2-1/2"]
[Termination "normal"]
[Board "5"]
[WhiteElo "2068"]
[BlackElo "2128"]
[PlyCount "138"]
[WhiteFideId "24614467"]
[BlackFideId "4688210"]
[EventCountry "GER"]
[EventRounds "9"]
[EventType "swiss"]
[EventDate "2006.06.03"]

1. e4 c5 2. Nf3 e6 3. d4 cxd4 4. Nxd4 a6 5. Bd3 Bc5 6. c3 Qc7 7. Be3 Nf6 8. Nd2
Be7 9. c4 d6 10. f3 b6 11. O-O Bb7 12. Qc2 Nbd7 13. Rfc1 Rc8 14. Bf1 Qb8 15. h3
Bd8 16. b4 d5 17. exd5 Nxd5 18. Qb3 Nxe3 19. Qxe3 O-O 20. Rab1 Bc7 21. Ne2 e5
22. c5 bxc5 23. bxc5 Qa8 24. Kh1 Nf6 25. Nc4 e4 26. f4 Rcd8 27. Nc3 Bc6 28. Nb6
Qa7 29. a4 Bb8 30. a5 Qc7 31. Bxa6 g5 32. g3 gxf4 33. gxf4 Qxf4 34. Rg1+ Kh8
35. Qxf4 Bxf4 36. Bb5 Bxb5 37. Nxb5 Nh5 38. Nd6 Ng3+ 39. Kg2 Ne2 40. Rgd1 Kg7
41. Nxe4 Nd4 42. a6 Nc6 43. Nc3 Be3 44. Nd7 Rfe8 45. Rb7 Bd4 46. Rxd4 Nxd4 47.
a7 Nc6 48. Kf2 Ra8 49. Nb5 Re7 50. Rc7 f6 51. Rxc6 Rxd7 52. Rb6 Rdxa7 53. Nxa7
Rxa7 54. c6 Kg6 55. Rb3 Ra2+ 56. Ke3 Rc2 57. Kd4 Rxc6 58. Ke4 Rc4+ 59. Kf3 Kg5
60. Kg3 h5 61. h4+ Kg6 62. Rb5 Rg4+ 63. Kh3 Re4 64. Kg3 Re5 65. Rb3 Kf5 66.
Rf3+ Ke6 67. Ra3 Rd5 68. Re3+ Re5 69. Ra3 f5 1/2-1/2

[Event "DEM U16 2006"]
[Site "Willingen GER"]
[Date "2006.06.08"]
[Round "7"]
[White "Müller, Reinhold"]
[Black "Werthebach, Felix"]
[Result "1/2-1/2"]
[Termination "normal"]
[Board "6"]
[WhiteElo "2114"]
[BlackElo "2081"]
[PlyCount "53"]
[WhiteFideId "24605875"]
[BlackFideId "24609684"]
[EventCountry "GER"]
[EventRounds "9"]
[EventType "swiss"]
[EventDate "2006.06.03"]

1. d4 f5 2. Bg5 g6 3. e3 Bg7 4. Bd3 Nf6 5. h4 Ne4 6. Nf3 h6 7. Bf4 d6 8. Nbd2
Nxd2 9. Qxd2 Nc6 10. O-O-O e5 11. dxe5 dxe5 12. Bg3 Qe7 13. Bb5 Bd7 14. Qe2
O-O-O 15. Nd2 e4 16. Bxc6 Bxc6 17. Nb3 Qb4 18. Rxd8+ Rxd8 19. Rd1 Bd5 20. Rd2
Bxb3 21. Rxd8+ Kxd8 22. Qd1+ Kc8 23. axb3 Qc5 24. Bf4 h5 25. Bg5 Qd6 26. Qe2
Qd5 27. g3 1/2-1/2

[Event "DEM U16 2006"]
[Site "Willingen GER"]
[Date "2006.06.08"]
[Round "7"]
[White "Rudolf, Sebastian"]
[Black "Schlötzer, Waldemar"]
[Result "1-0"]
[Termination "normal"]
[Board "7"]
[WhiteElo "1989"]
[BlackElo "2094"]
[PlyCount "77"]
[WhiteFideId "24609390"]
[BlackFideId "24602140"]
[EventCountry "GER"]
[EventRounds "9"]
[EventType "swiss"]
[EventDate "2006.06.03"]

1. e4 c5 2. Nf3 Nc6 3. d4 cxd4 4. Nxd4 Nf6 5. Nc3 e5 6. Ndb5 d6 7. Bg5 a6 8.
Na3 b5 9. Nd5 Be7 10. Bxf6 Bxf6 11. c3 Bg5 12. Nc2 O-O 13. a4 bxa4 14. Rxa4 a5
15. Bc4 Rb8 16. b3 Kh8 17. Nce3 Bxe3 18. Nxe3 Ne7 19. O-O Bb7 20. Qc2 f5 21.
exf5 e4 22. Be6 d5 23. Rd1 Bc6 24. Rad4 Qb6 25. Nxd5 Bxd5 26. Bxd5 e3 27. Be6
exf2+ 28. Qxf2 Qc5 29. R1d3 Nxf5 30. Bxf5 Qxf5 31. Qxf5 Rxf5 32. Rd8+ Rf8 33.
Rxf8+ Rxf8 34. Rd5 Ra8 35. Kf2 Kg8 36. Ke3 a4 37. bxa4 Rxa4 38. Rf5 h6 39. Rf2
1-0